1793 1791 1780 1278 1377 1701 1301 1390 1535 1044 1465 1290 1439 1387 1921 1950 1492 1767 1053 1029 1687 1043 1699 1464 1161 1262 1988 1306 1842 1003 1299 1475 1693 1062 1287 1177 1822 1962 1654 1754 1934 1442 1569 1348 1442 1172 1305 1533 1888 1745 1688 1148 1143 1030 1536 1613 1801 1391 1803 1779 1092 1987 1598 1396 1115 1661 1063 1313 1920 1004 1128 1925 1672 1297 1056 1720 1027 1546 1226 1111 1083 1144 1581 1353 1802 1956 1975 1858 1196 1120 1232 1401 1545 1886 1890 1112 1769 1119 1716 BCNSPRNW ULIB Ver.6.0+V

เปลี่ยนเป็นภาษาไทย

Change to English
 แสดงรายละเอียดบรรณานุกรม
  กลับหน้าหลัก

Brief Record : Get Marc (ISO 2709) : E-mail record : QR code < ปิดหน้าต่าง
LEADER : 00000nas 2200000uu 4500
001    13399127613
003     ULIB
008    210308s2563||||th 000 0 tha d
022 0  ^a01257323
245 00 ^aวารสารการแพทย์เขต 4-5 = REGION 4-5 MEDICAL JOURNAL/^cชมรมแพทย์เขต 4-5
310    ^aรายสามเดือน
850 ^a ULIB^bปีที่ 39 ฉบับที่ 4 ฉ.1 ;ปีที่ 41 ฉบับที่ 4 ฉ.1
945    ^p0^l0^i905672
945    ^p0^l0^i906069
999    ^aประนอม เกษจรัล
รายการนี้ยังไม่มีแท็ก
คุณยังไม่ได้ล็อกอิน คุณสามารถมีกิจกรรมร่วมกับเว็บไซต์ได้ แต่ต้องล็อกอินก่อน ::
  ล็อกอิน

รายการสื่อสารสนเทศ (วารสาร)

ดูแบบ: กล่อง รายการ
ARRIVED
ปีที่ 39 ฉบับที่ 4 ฉ.1
สถานที่: ห้องสมุดวิทยาเขตสวรรค์ประชารักษ์ >วารสาร
ARRIVED
ปีที่ 41 ฉบับที่ 4 ฉ.1
สถานที่: ห้องสมุดวิทยาเขตสวรรค์ประชารักษ์ >วารสาร

BibComment


ยังไม่เคยถูกคอมเมนท์

คอมเมนท์ทรัพยากรรายการนี้
  คอมเมนท์: วารสารการแพทย์เข..


 Copyright 2026. Bcnsprnw @Library